Analysis of customer relationship development
Vymedzenie pojmu orientácia na zákazníka. Identifikácia a analýza indikátorov vývoja vzťahov so zákazníkmi v personálnych agentúrach.
Gespeichert in:
| 1. Verfasser: | |
|---|---|
| Weitere Verfasser: | |
| Format: | Buchkapitel |
| Sprache: | Englisch |
| Schlagworte: | |
| Tags: |
Keine Tags, Fügen Sie das erste Tag hinzu!
|
MARC
| LEADER | 00000naa a2200000 4500 | ||
|---|---|---|---|
| 001 | 0117886 | ||
| 005 | 20240502072322.4 | ||
| 041 | 0 | |a eng | |
| 044 | |a SK | ||
| 245 | 1 | 0 | |a Analysis of customer relationship development |c Dagmar Lesáková, Markus Reheis |
| 520 | |a Vymedzenie pojmu orientácia na zákazníka. Identifikácia a analýza indikátorov vývoja vzťahov so zákazníkmi v personálnych agentúrach. | ||
| 610 | 2 | 0 | |a riadenie vzťahov so zákazníkmi |
| 610 | 2 | 0 | |a systém CRM |
| 610 | 2 | 0 | |a stratégia marketingová |
| 610 | 2 | 0 | |a manažment personálny |
| 610 | 2 | 0 | |a lízing personálny |
| 100 | 1 | |a Lesáková, Dagmar, 1949- | |
| 700 | 1 | |a Reheis, Markus | |